00399nam a2200157Ia 4500008004100000020001500041041001200056082001100068100002000079245005600099250000800155260003900163300000800202650001500210700001600225221030s9999 xx 000 0 und d a8177589993 aEnglish a105.23 aL. G. Schiffman 0aConsumer Behaviourcby L. G. Schiffman, L. L. Kanuk a9th bPearson EdcuationaNew Delhic2009 a581 aManagement aL. L. Kanuk